000 01720nam a22003137a 4500
008 130821s2002 ck gr spa
020 _a9586166155
040 _aCo-BoUCM
_bspa
041 0 0 _aspa
092 _a345.05
_bC732
245 0 0 _aComentarios a los códigos penal y de procedimiento penal
_cClaudia López Díaz; Compiladora; José Joaquín Urbano Martínez; Carlos Arturo Gómez Pavajeau; Luis Edgar Martínez...[et, al]
260 _aBogotá (Colombia)
_bUniversidad Externado de Colombia
_c2002
300 _a733 páginas
505 _aEl derecho penal del estado constitucional de derecho; La aplicación de la ley penal; La manipulación genética y las nuevas tecnologías de investigación científica; Delitos contra la libertad, integridad y formación sexuales; Delitos contra la familia; Delitos contra la salud pública; Delitos contra la eficaz y recta impartición de justicia; Los sujetos procesales; El testimonio.
650 0 4 _97971
_aProcedimiento penal
_zColombia
650 0 4 _aDerecho penal
_912805
650 0 4 _aDerecho penal
_xLegislación
_xCrítica e interpretación, etc.
_zColombia
_912805
650 0 4 _aDerecho penal
_xLegislación
_zColombia
_912805
650 0 4 _aDerecho penal
_zColombia
_vEnsayos, conferencias, etc.
_912805
650 0 4 _aDerecho procesal
_912822
650 0 4 _aDerecho procesal
_xCodificación
_zColombia
_912822
650 0 4 _aDerecho procesal
_xCodificación
_zColombia
_vComentarios
_912822
700 _aGÓMEZ PAVAJEAU, Carlos Arturo
700 _aLÓPEZ DÍAZ, Claudia; Compilador
700 _aMARTÍNEZ, Luis Edgar
700 _aURBANO MARTÍNEZ, José Joaquín
800 _aBB-J-DPENAL
942 _cLIBRO
_a8
_e1
_mC732
_2DEWEY
_h345.05
999 _c92016
_d92016